Statistics for Maya Hawke - So Long (Lyrics)

Click here to take the quiz!

General Stats

  • This quiz has been taken 8 times
  • The average score is 123 of 210

Answer Stats

Answer% Correct
I
100%
long
100%
long,
100%
So
100%
so
100%
You
100%
you
100%
a
80%
be
80%
Be
80%
can
80%
my
80%
not
80%
The
80%
the
80%
To
80%
to
80%
What
80%
when
80%
When
80%
and
60%
even
60%
For
60%
for
60%
how
60%
I'll
60%
I've
60%
know
60%
me
60%
Of
60%
on
60%
see
60%
them
60%
thin
60%
your
60%
Your
60%
am
40%
As
40%
But
40%
close
40%
just
40%
keep
40%
like
40%
more
40%
most
40%
new
40%
our
40%
pry
40%
that
40%
understand
40%
Will
40%
will
40%
afraid
20%
always
20%
appeal
20%
around
20%
ask
20%
bare
20%
bend
20%
beyond
20%
body
20%
borrow
20%
break
20%
calling
20%
cannot
20%
Can't
20%
can't
20%
cards,
20%
Collect
20%
coward
20%
dear
20%
door
20%
fear
20%
floor
20%
ghost
20%
ghosts
20%
glorious
20%
hide
20%
I'd
20%
if
20%
into
20%
last
20%
lend
20%
longing
20%
mistake
20%
night
20%
now,
20%
open
20%
seen
20%
should
20%
swiftly
20%
take
20%
tell
20%
thoughts
20%
tomorrow
20%
turn
20%
up
20%
was
20%
yesterday
20%
You'd
20%
Every
0%
fallowed
0%
him
0%
lay
0%
next
0%
paper
0%
spoke
0%
told
0%
wearing
0%
whim
0%
with
0%
woke
0%

Score Distribution

Percentile by Number Answered

Percent of People with Each Score

Your Score History

You have not taken this quiz